Actress TV Show/Movie Match Quiz Stats

Quiz Updated Jul 28, 2015

Challenge
Share
Tweet
Score 0/20 Timer 08:00
3 Plays Today
% Correct
Jennifer Aniston
89.5%
Katherine Heigl
85.6%
Mila Kunis
84.5%
Jennifer Garner
83%
Melissa McCarthy
81.1%
Tina Fey
80.3%
Sarah Michelle Gellar
78.9%
Katie Holmes
77.2%
Kirstie Alley
76.3%
Zooey Deschanel
76.2%
% Correct
Claire Danes
74%
Glenn Close
69.1%
Kerry Washington
68.9%
Sarah Jessica Parker
68.5%
Anna Faris
65.2%
Kat Dennings
61.8%
Jennifer Love Hewitt
59.4%
Jessica Lange
55.4%
Toni Collette
47.5%
Minnie Driver
44.5%

You're not logged in!

Compare scores with friends on all Sporcle quizzes.
Sign Up with Email
OR
Log In

You Might Also Like...

Show Comments

Extras

Top Quizzes Today


Score Distribution

Your Account Isn't Verified!

In order to create a playlist on Sporcle, you need to verify the email address you used during registration. Go to your Sporcle Settings to finish the process.